| 000 | 00585nam a2200205Ia 4500 | ||
|---|---|---|---|
| 005 | 20250923144730.0 | ||
| 008 | 008 250917s9999 xx 000 0 eng d | ||
| 037 | _aTextual | ||
| 040 |
_aDSWL _beng _cDSWL |
||
| 041 |
_aeng _2eng |
||
| 084 |
_aYoaW6, N60 _qDSWL |
||
| 100 |
_aHarrison, Selig S. _9827847 |
||
| 245 | 0 |
_aIndia: The most dangerous decades _cby Selig S.Harrison |
|
| 260 |
_aLondon _b. Oxford University press _c1960 |
||
| 300 | _ax,350p. | ||
| 365 |
_aINR _b20 |
||
| 925 | _g20 | ||
| 942 |
_cTEXL _hYoaW6, N60 |
||
| 999 |
_c1442646 _d1442646 |
||